[Event "20th 4NCL Congress"]
[Site "Nottingham"]
[Date "2018.09.28"]
[Round "1"]
[Board "1"]
[White "Hadi, Justin"]
[Black "Alsina Leal, Daniel"]
[Result "0-1"]
[WhiteElo "2030"]
[BlackElo "2483"]
[PlyCount "78"]
[EventDate "2018.09.28"]
[EventRounds "5"]
[EventCountry "ENG"]

1. d4 Nf6 2. Bg5 d5 3. e3 c5 4. c3 e6 5. Nd2 Nbd7 6. Bd3 Be7 7. f4 b6 8. Ngf3
Bb7 9. Qe2 Ne4 10. Bxe7 Qxe7 11. O-O O-O 12. Ne5 Ndf6 13. a4 Nxd2 14. Qxd2 Ne4
15. Qe2 a5 16. Qh5 f6 17. Bxe4 dxe4 18. Ng4 Rad8 19. Rfd1 Bd5 20. Rd2 Bc6 21.
b3 Qc7 22. Nf2 cxd4 23. cxd4 Bd5 24. Qe2 Rc8 25. Rb1 Qc3 26. Rdb2 Qb4 27. Nd1
Rc7 28. Qd2 Rfc8 29. Kf2 Qxd2+ 30. Rxd2 Rc1 31. Rbb2 Ra1 32. Ke2 Rcc1 33. g3 h5
34. h3 Kh7 35. g4 h4 36. b4 b5 37. bxa5 bxa4 38. Rbc2 a3 39. Rxc1 Rxc1  0-1

[Event "20th 4NCL Congress"]
[Site "Nottingham"]
[Date "2018.09.28"]
[Round "1"]
[Board "2"]
[White "Merry, Alan B"]
[Black "Collinson, Mark I"]
[Result "1-0"]
[WhiteElo "2435"]
[BlackElo "2027"]
[PlyCount "75"]
[EventDate "2018.09.28"]
[EventRounds "5"]
[EventCountry "ENG"]

1. c4 Nf6 2. Nc3 g6 3. e4 d6 4. d4 Bg7 5. Nf3 O-O 6. Be2 Na6 7. O-O c5 8. d5
Bd7 9. h3 Nc7 10. a4 a6 11. a5 Rb8 12. Bg5 b5 13. axb6 Rxb6 14. Ra2 Qb8 15. e5
dxe5 16. Nxe5 Rd8 17. Nxd7 Nxd7 18. Na4 Rb4 19. d6 Ne6 20. dxe7 Re8 21. Qxd7
Nxg5 22. Nxc5 Qc8 23. Qxc8 Rxc8 24. Rd1 Bf6 25. Bg4 Re8 26. h4 Ne6 27. Nxe6
fxe6 28. Bxe6+ Kg7 29. g3 Rxe7 30. Rxa6 Rxb2 31. Rd3 Rc2 32. Rf3 Re2 33. Bd5
Bd4 34. g4 Rxf2 35. Rxf2 Re2 36. Raf6 Re1+ 37. Kg2 Bxf6 38. g5  1-0

[Event "20th 4NCL Congress"]
[Site "Nottingham"]
[Date "2018.09.28"]
[Round "1"]
[Board "3"]
[White "Ackley, Peter Je"]
[Black "Arkell, Keith C"]
[Result "0-1"]
[WhiteElo "2019"]
[BlackElo "2432"]
[PlyCount "64"]
[EventDate "2018.09.28"]
[EventRounds "5"]
[EventCountry "ENG"]

1. g3 d5 2. Bg2 e5 3. d3 c6 4. Nf3 Bd6 5. O-O Nf6 6. Nc3 d4 7. Nb1 O-O 8. c3 c5
9. Bg5 Nc6 10. Nbd2 h6 11. Bxf6 Qxf6 12. Ne4 Qe7 13. cxd4 cxd4 14. Nxd6 Qxd6
15. Nd2 Qe7 16. a3 Be6 17. Rc1 Rfd8 18. Qc2 Bd5 19. Qc5 Qe6 20. Bxd5 Rxd5 21.
Qc4 Rad8 22. b4 Ne7 23. Qc7 R5d7 24. Qc4 Nd5 25. Ne4 b6 26. Rc2 Kh7 27. Nd2 Qh3
28. Rfc1 Rd6 29. Nf3 Nf4 30. Ne1 Rf6 31. Qc7 Rdd6 32. Qb7 Rc6  0-1

[Event "20th 4NCL Congress"]
[Site "Nottingham"]
[Date "2018.09.28"]
[Round "1"]
[Board "4"]
[White "Hebden, Mark L"]
[Black "Nettleton, Charlie B"]
[Result "1/2-1/2"]
[WhiteElo "2426"]
[BlackElo "2018"]
[PlyCount "105"]
[EventDate "2018.09.28"]
[EventRounds "5"]
[EventCountry "ENG"]

1. d4 e6 2. Nf3 Nf6 3. e3 b6 4. Bd3 Bb7 5. O-O d6 6. c4 Nbd7 7. Nc3 e5 8. d5 g6
9. Ng5 Bg7 10. f4 O-O 11. Bd2 Nc5 12. Bc2 a5 13. Nh3 Ba6 14. b3 exf4 15. exf4
Re8 16. Qf3 Qe7 17. Nf2 Rab8 18. Rad1 Nfd7 19. f5 Ne5 20. Qg3 b5 21. cxb5 Bxb5
22. Nxb5 Rxb5 23. a4 Rb7 24. Bxa5 Reb8 25. Rb1 c6 26. b4 Ncd7 27. Bb3 gxf5 28.
Nd3 c5 29. Nxe5 Qxe5 30. Qxe5 Bxe5 31. b5 f4 32. Bd2 Bd4+ 33. Kh1 Be3 34. Rbd1
Ra7 35. g3 c4 36. Bc2 Nc5 37. gxf4 Bxd2 38. Rxd2 Nxa4 39. Rg2+ Kf8 40. f5 Nc3
41. f6 Nxd5 42. Rg5 Rxb5 43. Re1 Nc7 44. Rg7 Re5 45. Rxe5 dxe5 46. Bxh7 Ke8 47.
Bf5 Ra1+ 48. Kg2 Ne6 49. Bxe6 fxe6 50. h4 c3 51. Rc7 c2 52. Rxc2 Kf7 53. Rf2
 1/2-1/2

[Event "20th 4NCL Congress"]
[Site "Nottingham"]
[Date "2018.09.28"]
[Round "1"]
[Board "5"]
[White "Yoon, Jacob D"]
[Black "Jackson, James P"]
[Result "0-1"]
[WhiteElo "2017"]
[BlackElo "2371"]
[PlyCount "68"]
[EventDate "2018.09.28"]
[EventRounds "5"]
[EventCountry "ENG"]

1. e4 e5 2. Nf3 Nc6 3. Bb5 a6 4. Ba4 Nf6 5. O-O Be7 6. d3 b5 7. Bb3 d6 8. Nc3
Na5 9. d4 exd4 10. Nxd4 c5 11. Ndxb5 axb5 12. Nxb5 Nxb3 13. cxb3 Ba6 14. e5
dxe5 15. Qxd8+ Kxd8 16. Rd1+ Kc8 17. Nc3 Rd8 18. Be3 Kb7 19. Na4 Rxd1+ 20. Rxd1
Rc8 21. Rc1 Nd7 22. Nc3 Kc6 23. Ne4 Kd5 24. f3 f5 25. Rd1+ Ke6 26. Ng5+ Bxg5
27. Bxg5 Nb6 28. Rd8 Rxd8 29. Bxd8 Nd5 30. Kf2 Nf4 31. Bb6 Kd5 32. Ba5 Nd3+ 33.
Ke3 Nxb2 34. Bc3 Nd1+  0-1

[Event "20th 4NCL Congress"]
[Site "Nottingham"]
[Date "2018.09.28"]
[Round "1"]
[Board "6"]
[White "Sowray, Peter J"]
[Black "Goodger, Martyn"]
[Result "1-0"]
[WhiteElo "2340"]
[BlackElo "2011"]
[PlyCount "75"]
[EventDate "2018.09.28"]
[EventRounds "5"]
[EventCountry "ENG"]

1. d4 f5 2. c4 Nf6 3. Nc3 d6 4. Bg5 Nbd7 5. Qc2 g6 6. h4 h6 7. Bd2 Bg7 8. h5 g5
9. Qxf5 Ne5 10. Qc2 Nf7 11. e3 O-O 12. Bd3 c5 13. Nge2 cxd4 14. exd4 d5 15.
cxd5 Nxd5 16. Nxd5 Qxd5 17. O-O Nd6 18. Be3 Bd7 19. Nc3 Qa5 20. Ne4 Bc6 21.
Nxd6 exd6 22. Be4 Bxe4 23. Qxe4 d5 24. Qe6+ Kh8 25. b4 Qd8 26. Rac1 Rf6 27. Qg4
Ra6 28. Rc2 Rc6 29. Rfc1 Rac8 30. Rc5 Bf8 31. b5 Rxc5 32. dxc5 Rc7 33. c6 bxc6
34. Rxc6 Rxc6 35. bxc6 Bg7 36. Qd7 Qxd7 37. cxd7 Bf6 38. Bd4  1-0

[Event "20th 4NCL Congress"]
[Site "Nottingham"]
[Date "2018.09.28"]
[Round "1"]
[Board "7"]
[White "Fletcher, John T"]
[Black "Zapolskis, Antanas"]
[Result "0-1"]
[WhiteElo "2002"]
[BlackElo "2277"]
[PlyCount "58"]
[EventDate "2018.09.28"]
[EventRounds "5"]
[EventCountry "ENG"]

1. d4 b5 2. e4 Bb7 3. Bxb5 Bxe4 4. Nf3 c6 5. Nc3 Bxf3 6. Qxf3 e6 7. d5 exd5 8.
O-O Nf6 9. Bg5 Be7 10. Bd3 O-O 11. Qh3 g6 12. Rae1 d6 13. Qh4 Nbd7 14. f4 Re8
15. Rf3 Qb6+ 16. Kf1 Bf8 17. Rxe8 Rxe8 18. Nd1 Qa5 19. c3 Bg7 20. f5 Ne4 21.
fxg6 hxg6 22. Re3 f5 23. g4 fxg4 24. Bxe4 dxe4 25. Qxg4 Qf5+ 26. Qxf5 gxf5 27.
h4 d5 28. Rg3 Kh7 29. Bf4 Be5  0-1

[Event "20th 4NCL Congress"]
[Site "Nottingham"]
[Date "2018.09.28"]
[Round "1"]
[Board "8"]
[White "Willow, Jonah B"]
[Black "Makkar, Rajat"]
[Result "0-1"]
[WhiteElo "2271"]
[BlackElo "2000"]
[PlyCount "80"]
[EventDate "2018.09.28"]
[EventRounds "5"]
[EventCountry "ENG"]

1. e4 e5 2. Nf3 Nf6 3. Nc3 Bb4 4. Nxe5 O-O 5. Be2 Re8 6. Nd3 Bxc3 7. dxc3 Nxe4
8. Nf4 c6 9. c4 Na6 10. O-O Nc7 11. Bf3 d5 12. cxd5 Nxd5 13. Bxe4 Rxe4 14. c4
Rxc4 15. Qd3 b5 16. b3 Rc3 17. Qd2 b4 18. Bb2 Qg5 19. Rfd1 Bg4 20. Nxd5 Qxd5
21. f3 Qc5+ 22. Qd4 Qxd4+ 23. Rxd4 Rc2 24. Rad1 h6 25. Ba1 Be6 26. Rxb4 Rxa2
27. h3 a5 28. Rb6 Re8 29. Re1 Rd8 30. Kh2 Rdd2 31. Rg1 Rd3 32. Kg3 Bd5 33. b4
a4 34. Be5 Re2 35. Ba1 a3 36. Kf4 a2 37. h4 Rb3 38. Bd4 Rb1 39. Ra6 Rxb4 40.
Rd1 c5  0-1

[Event "20th 4NCL Congress"]
[Site "Nottingham"]
[Date "2018.09.28"]
[Round "1"]
[Board "9"]
[White "Jamroz, Krzysztof"]
[Black "Moore, Graham J"]
[Result "0-1"]
[WhiteElo "1999"]
[BlackElo "2247"]
[PlyCount "112"]
[EventDate "2018.09.28"]
[EventRounds "5"]
[EventCountry "ENG"]

1. e4 e6 2. d4 d5 3. Bd3 Nf6 4. e5 Nfd7 5. Nf3 c5 6. c3 Nc6 7. O-O Be7 8. Re1
h6 9. a3 Qb6 10. Bc2 c4 11. b3 cxb3 12. Bxb3 Na5 13. Bc2 Qc7 14. Qd3 Nb6 15.
Nfd2 Bd7 16. Qg3 g6 17. Nb3 Nxb3 18. Bxb3 Ba4 19. Nd2 Rc8 20. Re3 Qc6 21. Rb1
Bxb3 22. Nxb3 Nc4 23. Re2 Qa4 24. Qd3 b6 25. Ra2 Rc7 26. h3 Rc8 27. Nd2 Qd1+
28. Qf1 Qa4 29. g3 Rc7 30. Qd3 Qd1+ 31. Qf1 Qxf1+ 32. Kxf1 Kd7 33. Rb3 Na5 34.
Rb1 Rxc3 35. Ke1 Bg5 36. h4 Rhc8 37. hxg5 Rxc1+ 38. Rxc1 Rxc1+ 39. Ke2 hxg5 40.
Nf3 g4 41. Nh2 Rc4 42. Nxg4 Rxd4 43. Nf6+ Kd8 44. f4 Rc4 45. Kd3 Nb3 46. Rh2
Nc5+ 47. Kd2 Ne4+ 48. Nxe4 Rxe4 49. Rh8+ Ke7 50. Kc2 Rc4+ 51. Kb3 Rc7 52. Rh2
Kf8 53. Rd2 Kg7 54. Rd4 f6 55. exf6+ Kxf6 56. a4 g5  0-1

[Event "20th 4NCL Congress"]
[Site "Nottingham"]
[Date "2018.09.28"]
[Round "1"]
[Board "10"]
[White "Smith, Murray D"]
[Black "Cusick, Peter W"]
[Result "1-0"]
[WhiteElo "2225"]
[BlackElo "1985"]
[PlyCount "71"]
[EventDate "2018.09.28"]
[EventRounds "5"]
[EventCountry "ENG"]

1. c4 e6 2. Nf3 d5 3. d4 Nf6 4. Nc3 Be7 5. Bf4 O-O 6. e3 c5 7. dxc5 Bxc5 8. a3
dxc4 9. Bxc4 a6 10. b4 Be7 11. O-O b5 12. Be2 Bb7 13. Qb3 Qb6 14. Rfd1 Nc6 15.
h3 h6 16. Nd2 Rfd8 17. Bf3 Rd7 18. Nde4 Rad8 19. Rxd7 Rxd7 20. Rc1 Nd8 21.
Nxf6+ Bxf6 22. Ne4 e5 23. Bg3 Rc7 24. Rxc7 Qxc7 25. Nxf6+ gxf6 26. Bxb7 Nxb7
27. Qd5 Nd6 28. Bh4 Ne8 29. Qa8 Kf8 30. Bxf6 e4 31. Bd4 Qc1+ 32. Kh2 Qc7+ 33.
g3 Qd7 34. Qxa6 Qf5 35. Qxh6+ Kg8 36. Qh8#  1-0

[Event "20th 4NCL Congress"]
[Site "Nottingham"]
[Date "2018.09.28"]
[Round "1"]
[Board "11"]
[White "Moore, Geoffrey R"]
[Black "Chapman, Terry Pd"]
[Result "1/2-1/2"]
[WhiteElo "1985"]
[BlackElo "2201"]
[PlyCount "129"]
[EventDate "2018.09.28"]
[EventRounds "5"]
[EventCountry "ENG"]

1. e4 c5 2. Nf3 e6 3. d3 Nc6 4. g3 d5 5. Nbd2 Bd6 6. Bg2 Nge7 7. O-O O-O 8. Re1
Qc7 9. Qe2 f6 10. c3 Bd7 11. Nb3 Rfe8 12. d4 dxe4 13. dxc5 exf3 14. cxd6 fxe2
15. dxc7 b6 16. Rxe2 Rac8 17. Bh3 Nd5 18. c4 Nxc7 19. Bd2 Ne5 20. Rxe5 fxe5 21.
Bc3 Na6 22. Nd2 Rcd8 23. Re1 Nc5 24. Rxe5 Bc6 25. Re2 e5 26. b3 Rd3 27. Bb2 a5
28. Bg2 Bxg2 29. Kxg2 e4 30. Nf1 Kf7 31. Ne3 h5 32. h4 g6 33. Nd5 Rb8 34. Ba3
Ne6 35. Rxe4 Rd2 36. Nc3 Rbd8 37. Re3 R8d3 38. Bc1 Rxe3 39. Bxd2 Rd3 40. Be1
Nc5 41. Nd5 a4 42. Nxb6 axb3 43. axb3 Rxb3 44. Nd5 Rb2 45. Ba5 Nd3 46. Bb6 Rc2
47. Be3 Rxc4 48. Nf4 Nxf4+ 49. Bxf4 Rc3 50. Be3 Ke6 51. Bd4 Rb3 52. Ba7 Kd5 53.
Be3 Ke4 54. Ba7 Ra3 55. Bc5 Rb3 56. Ba7 Kd3 57. Kf3 Rb7 58. Be3 Rf7+ 59. Kg2
Ke2 60. Bd4 Rf3 61. Ba7 Rb3 62. Bd4 Rf3 63. Ba7 Rf5 64. Be3 Rd5 65. Bf4  1/2-1/2

[Event "20th 4NCL Congress"]
[Site "Nottingham"]
[Date "2018.09.28"]
[Round "1"]
[Board "12"]
[White "Barnes, Michael H"]
[Black "Leck, Gerrit"]
[Result "1/2-1/2"]
[WhiteElo "2184"]
[BlackElo "1932"]
[PlyCount "35"]
[EventDate "2018.09.28"]
[EventRounds "5"]
[EventCountry "ENG"]

1. d4 Nf6 2. Nf3 d5 3. c4 e6 4. Bg5 Be7 5. e3 h6 6. Bxf6 Bxf6 7. Nc3 O-O 8. Bd3
dxc4 9. Bxc4 c5 10. Ne4 cxd4 11. Nxf6+ Qxf6 12. Qxd4 Qxd4 13. Nxd4 Bd7 14. O-O
Nc6 15. Rad1 Nxd4 16. Rxd4 Bc6 17. Rfd1 Rfc8 18. f3  1/2-1/2

[Event "20th 4NCL Congress"]
[Site "Nottingham"]
[Date "2018.09.28"]
[Round "1"]
[Board "13"]
[White "See, Tristian"]
[Black "Munshi, Aditya"]
[Result "1-0"]
[WhiteElo "1928"]
[BlackElo "2133"]
[PlyCount "103"]
[EventDate "2018.09.28"]
[EventRounds "5"]
[EventCountry "ENG"]

1. e4 c6 2. d4 d5 3. Nc3 dxe4 4. Nxe4 Bf5 5. Ng3 Bg6 6. h4 h6 7. h5 Bh7 8. Bd3
Bxd3 9. Qxd3 e6 10. Bd2 Nf6 11. Nf3 Be7 12. O-O-O O-O 13. Ne4 Nxe4 14. Qxe4 Qd5
15. Qxd5 cxd5 16. g4 Nc6 17. c3 b5 18. g5 hxg5 19. Nxg5 Bxg5 20. Bxg5 Kh7 21.
Rh3 Rab8 22. Rg1 Rfc8 23. Kd1 b4 24. Bf4 Rb7 25. b3 bxc3 26. Rxc3 Rb4 27. Be3
e5 28. Rg4 f6 29. a3 Rbb8 30. b4 e4 31. Rc5 Ne7 32. Kd2 Rc6 33. Kc3 a6 34. Rg1
Rbb6 35. Rc1 Kg8 36. Kb3 Kf7 37. a4 Ke6 38. a5 Rxc5 39. Rxc5 Rb8 40. Ka4 Kd7
41. b5 axb5+ 42. Rxb5 Ra8 43. Rb6 Nc6 44. a6 Ra7 45. Kb5 Rc7 46. Rb7 Na7+ 47.
Kb6 Nc8+ 48. Ka5 Na7 49. Bf4 Rxb7 50. axb7 Nc6+ 51. Kb6 f5 52. Kc5  1-0

[Event "20th 4NCL Congress"]
[Site "Nottingham"]
[Date "2018.09.28"]
[Round "1"]
[Board "14"]
[White "Dahl, Baard"]
[Black "Jukes, Sam"]
[Result "1-0"]
[WhiteElo "2113"]
[BlackElo "1863"]
[PlyCount "59"]
[EventDate "2018.09.28"]
[EventRounds "5"]
[EventCountry "ENG"]

1. e4 e5 2. Nf3 Nc6 3. Bb5 a6 4. Ba4 Nf6 5. O-O b5 6. Bb3 Bc5 7. c3 d6 8. d4
Bb6 9. a4 Rb8 10. a5 Ba7 11. h3 h6 12. Be3 O-O 13. dxe5 dxe5 14. Qxd8 Rxd8 15.
Bxa7 Nxa7 16. Nxe5 Be6 17. Bxe6 fxe6 18. f3 Rd6 19. Na3 Rbd8 20. Rf2 Nd7 21.
Nxd7 R6xd7 22. Nc2 c5 23. b4 Rd2 24. Rxd2 Rxd2 25. Rc1 Nc6 26. bxc5 Kf7 27. Nb4
Nxa5 28. Nxa6 Rb2 29. Nb4 Ke7 30. Ra1  1-0

[Event "20th 4NCL Congress"]
[Site "Nottingham"]
[Date "2018.09.28"]
[Round "1"]
[Board "15"]
[White "Ilett, Raymond J"]
[Black "Waller, Dan"]
[Result "1-0"]
[WhiteElo "1856"]
[BlackElo "2092"]
[PlyCount "93"]
[EventDate "2018.09.28"]
[EventRounds "5"]
[EventCountry "ENG"]

1. d4 f5 2. c4 e6 3. Nc3 Nf6 4. Nf3 Bb4 5. Qb3 Qe7 6. Bd2 Bxc3 7. Bxc3 a5 8. g3
O-O 9. Bg2 Ne4 10. e3 a4 11. Qc2 Nxc3 12. Qxc3 d6 13. O-O c6 14. b4 Nd7 15. a3
d5 16. c5 b6 17. cxb6 Ba6 18. Rfc1 Bb5 19. Ne5 Nxb6 20. Nxc6 Bxc6 21. Qxc6 Nc4
22. Qc5 Qd7 23. b5 Rab8 24. Rab1 Na5 25. Qb4 Nb3 26. Rxb3 axb3 27. a4 Rfc8 28.
Rxc8+ Qxc8 29. Qxb3 Ra8 30. Bf1 Qb8 31. b6 h6 32. Qb5 Rxa4 33. Qxa4 Qxb6 34.
Qb5 Qd6 35. Be2 g6 36. Qc5 Qb8 37. Qe7 Qc8 38. Kg2 h5 39. Bb5 f4 40. Qe8+ Qxe8
41. Bxe8 fxe3 42. fxe3 Kg7 43. h4 Kf6 44. Kf3 g5 45. Bxh5 gxh4 46. gxh4 e5 47.
Be8  1-0

[Event "20th 4NCL Congress"]
[Site "Nottingham"]
[Date "2018.09.28"]
[Round "1"]
[Board "16"]
[White "Okhai, Shabir"]
[Black "Kramaley, David"]
[Result "1/2-1/2"]
[WhiteElo "2069"]
[BlackElo "1849"]
[PlyCount "33"]
[EventDate "2018.09.28"]
[EventRounds "5"]
[EventCountry "ENG"]

1. e4 d5 2. exd5 Qxd5 3. Nf3 Bg4 4. Be2 Nc6 5. d4 O-O-O 6. Be3 e5 7. c4 Qa5+ 8.
Bd2 Qa6 9. d5 Bxf3 10. Bxf3 Nd4 11. b3 Qg6 12. O-O Nc2 13. Bh5 Qd3 14. Be2 Qg6
15. Bh5 Qd3 16. Be2 Qg6 17. Bh5  1/2-1/2

[Event "20th 4NCL Congress"]
[Site "Nottingham"]
[Date "2018.09.28"]
[Round "1"]
[Board "17"]
[White "Waterfield, Mark Bw"]
[Black "Burnett, Jim"]
[Result "0-1"]
[WhiteElo "1675"]
[BlackElo "2062"]
[PlyCount "130"]
[EventDate "2018.09.28"]
[EventRounds "5"]
[EventCountry "ENG"]

1. d4 d5 2. Bf4 Nf6 3. e3 c5 4. Nc3 cxd4 5. exd4 Bg4 6. f3 Bf5 7. Bd3 Bxd3 8.
Qxd3 Nc6 9. Nge2 e6 10. O-O Be7 11. Bg3 O-O 12. Rfe1 a6 13. Nc1 Rc8 14. Nb3 Nd7
15. a3 Bf6 16. f4 g6 17. Bf2 Qc7 18. Bg3 Qb6 19. Bf2 Qa7 20. Ne2 b5 21. c3 Qb7
22. Nd2 Be7 23. Rab1 Na5 24. Qh3 Nf6 25. Bh4 Nc4 26. Nxc4 dxc4 27. Ng3 Nd5 28.
Ne2 Bd6 29. Rf1 Rfe8 30. Qf3 Qc7 31. Bg3 Rcd8 32. h4 Nf6 33. Bh2 Rb8 34. Ng3
Qb7 35. Rbe1 Qxf3 36. Rxf3 Nd5 37. Ne4 Be7 38. Bg3 Rb7 39. Kf2 a5 40. Nd2 Rc8
41. Rc1 Rb6 42. Kg1 Kg7 43. Kh2 Rbc6 44. Bf2 b4 45. cxb4 axb4 46. axb4 Bxb4 47.
Ne4 c3 48. bxc3 Bxc3 49. Nxc3 Rxc3 50. Rfxc3 Rxc3 51. Rxc3 Nxc3 52. g3 Kf6 53.
g4 h5 54. gxh5 gxh5 55. Kg3 Kf5 56. Kf3 Nd5 57. Bg3 Ne7 58. Ke3 Kg4 59. Be1 f5
60. Ba5 Nd5+ 61. Kf2 Nxf4 62. Bd8 Nd5 63. Bg5 f4 64. Kg2 Nc3 65. Kf2 Ne4+  0-1

[Event "20th 4NCL Congress"]
[Site "Nottingham"]
[Date "2018.09.28"]
[Round "1"]
[Board "18"]
[White "Furness, Robert M"]
[Black "Ross, Stuart"]
[Result "1-0"]
[WhiteElo "2042"]
[BlackElo "1608"]
[PlyCount "71"]
[EventDate "2018.09.28"]
[EventRounds "5"]
[EventCountry "ENG"]

1. c4 Nf6 2. Nc3 e6 3. e4 d5 4. e5 d4 5. exf6 dxc3 6. bxc3 Qxf6 7. d4 b6 8. Nf3
Bb7 9. Be2 h6 10. O-O Nd7 11. Qa4 c6 12. c5 bxc5 13. Rb1 Nb6 14. Qa5 Qf5 15.
Ba3 cxd4 16. Qxf5 exf5 17. Bxf8 Rxf8 18. Nxd4 g6 19. Bf3 Kd7 20. Nb5 cxb5 21.
Bxb7 Rad8 22. Rxb5 Kc7 23. Bf3 Rd2 24. Ra5 Nc8 25. Rb1 Rc2 26. Rc5+ Kd6 27.
Rc6+ Ke7 28. Re1+ Kd7 29. h3 Rxa2 30. Rb1 Nb6 31. Rd1+ Ke7 32. c4 Rc8 33. c5
Rxc6 34. Bxc6 Nc4 35. Bd5 Rd2 36. Re1+  1-0

[Event "20th 4NCL Congress"]
[Site "Nottingham"]
[Date "2018.09.29"]
[Round "2"]
[Board "1"]
[White "Alsina Leal, Daniel"]
[Black "Smith, Murray D"]
[Result "1-0"]
[WhiteElo "2483"]
[BlackElo "2225"]
[PlyCount "53"]
[EventDate "2018.09.28"]
[EventRounds "5"]
[EventCountry "ENG"]

1. e4 c6 2. d4 d5 3. e5 c5 4. c4 Nc6 5. Nf3 e6 6. cxd5 exd5 7. Nc3 Be6 8. Be2
Nge7 9. dxc5 Ng6 10. Be3 Be7 11. O-O O-O 12. Qa4 Ngxe5 13. Nxe5 Nxe5 14. Rad1
Nd7 15. b4 a5 16. Nxd5 axb4 17. Qxb4 Bxd5 18. Rxd5 Qc7 19. a3 Rfc8 20. Rfd1 Nf8
21. g3 g6 22. Bg4 Re8 23. Rb1 Ra7 24. Rd3 Ne6 25. Qb5 Rea8 26. Bxe6 fxe6 27.
Rd7  1-0

[Event "20th 4NCL Congress"]
[Site "Nottingham"]
[Date "2018.09.29"]
[Round "2"]
[Board "2"]
[White "Burnett, Jim"]
[Black "Merry, Alan B"]
[Result "0-1"]
[WhiteElo "2062"]
[BlackElo "2435"]
[PlyCount "40"]
[EventDate "2018.09.28"]
[EventRounds "5"]
[EventCountry "ENG"]

1. d4 e6 2. Nf3 c5 3. c4 cxd4 4. Nxd4 Nf6 5. Nc3 a6 6. e4 Qc7 7. Be2 Bb4 8. Qd3
d6 9. Bd2 Nbd7 10. Qc2 O-O 11. O-O Ne5 12. b3 Bd7 13. Rac1 Rac8 14. h3 Qb8 15.
Kh1 b5 16. cxb5 axb5 17. Qb1 Qa8 18. Ndxb5 Bxb5 19. Bxb5 Qa5 20. f4 Nh5  0-1

[Event "20th 4NCL Congress"]
[Site "Nottingham"]
[Date "2018.09.29"]
[Round "2"]
[Board "4"]
[White "Jackson, James P"]
[Black "Furness, Robert M"]
[Result "1-0"]
[WhiteElo "2371"]
[BlackElo "2042"]
[PlyCount "107"]
[EventDate "2018.09.28"]
[EventRounds "5"]
[EventCountry "ENG"]

1. e4 d6 2. d4 Nf6 3. Nc3 Nbd7 4. g4 h6 5. h3 e5 6. Nge2 b5 7. a3 Bb7 8. Bg2
Be7 9. O-O O-O 10. Ng3 exd4 11. Qxd4 Nc5 12. Re1 Qd7 13. Be3 Nh7 14. Rad1 Ne6
15. Qd2 Bg5 16. f4 Bh4 17. Kh2 f6 18. Rf1 Bxg3+ 19. Kxg3 a6 20. h4 Rae8 21.
Rfe1 Qc8 22. Nd5 Rf7 23. Bf3 Nc5 24. Bxc5 dxc5 25. h5 Nf8 26. Ne3 Ne6 27. Nf5
Rd8 28. Qc3 Rfd7 29. Rxd7 Rxd7 30. Rd1 Kf7 31. Rd3 c4 32. Rxd7+ Qxd7 33. Qe3 c5
34. e5 fxe5 35. fxe5 Bxf3 36. Nd6+ Kg8 37. Qxf3 Ng5 38. Qd5+ Qe6 39. Qxe6+ Nxe6
40. c3 Kf8 41. Kf3 Ke7 42. Ke4 Kd7 43. Kf5 Nf8 44. Nf7 a5 45. Nh8 b4 46. Nf7
Ke7 47. Nd6 bxa3 48. bxa3 a4 49. Nxc4 Nd7 50. Ne3 Nf8 51. Nd5+ Kd7 52. Nb6+ Kc6
53. Nxa4 Nd7 54. c4  1-0

[Event "20th 4NCL Congress"]
[Site "Nottingham"]
[Date "2018.09.29"]
[Round "2"]
[Board "5"]
[White "Makkar, Rajat"]
[Black "Sowray, Peter J"]
[Result "0-1"]
[WhiteElo "2000"]
[BlackElo "2340"]
[PlyCount "60"]
[EventDate "2018.09.28"]
[EventRounds "5"]
[EventCountry "ENG"]

1. d4 d5 2. c4 e6 3. g3 Nf6 4. Nf3 Bb4+ 5. Bd2 Be7 6. Bg2 O-O 7. O-O c6 8. Qc2
Nbd7 9. a4 a5 10. Na3 Ne4 11. Ne5 f5 12. Nxd7 Bxd7 13. f3 Nxd2 14. Qxd2 Bb4 15.
Qd3 f4 16. e4 Qg5 17. g4 Be8 18. e5 Bg6 19. Qe2 h5 20. h3 Qd8 21. c5 b6 22. Nc2
Bxc2 23. Qxc2 bxc5 24. dxc5 Qg5 25. Qe2 Bxc5+ 26. Kh1 Be3 27. Rac1 c5 28. Qb5
hxg4 29. fxg4 Bxc1 30. Rxc1 f3  0-1

[Event "20th 4NCL Congress"]
[Site "Nottingham"]
[Date "2018.09.29"]
[Round "2"]
[Board "6"]
[White "Zapolskis, Antanas"]
[Black "See, Tristian"]
[Result "1-0"]
[WhiteElo "2277"]
[BlackElo "1928"]
[PlyCount "43"]
[EventDate "2018.09.28"]
[EventRounds "5"]
[EventCountry "ENG"]

1. e4 c5 2. Nf3 d6 3. d4 cxd4 4. Nxd4 Nf6 5. Nc3 g6 6. Be3 Bg7 7. f3 O-O 8. Qd2
Nc6 9. O-O-O Bd7 10. h4 h5 11. g4 hxg4 12. h5 Nxh5 13. Bh6 e5 14. Nf5 Bxf5 15.
exf5 g3 16. Ne4 Nd4 17. Bxg7 Nxg7 18. Qh6 Nh5 19. Rxh5 gxh5 20. Rxd4 exd4 21.
f6 Qa5 22. Qg7#  1-0

[Event "20th 4NCL Congress"]
[Site "Nottingham"]
[Date "2018.09.29"]
[Round "2"]
[Board "7"]
[White "Moore, Graham J"]
[Black "Middleton, Paul G"]
[Result "1-0"]
[WhiteElo "2247"]
[BlackElo "1552"]
[PlyCount "63"]
[EventDate "2018.09.28"]
[EventRounds "5"]
[EventCountry "ENG"]

1. e4 c5 2. Nf3 d6 3. d4 cxd4 4. Nxd4 Nf6 5. Nc3 a6 6. h3 e6 7. g4 Be7 8. Be3
Nc6 9. g5 Nd7 10. h4 Qc7 11. h5 Nc5 12. a3 b5 13. Nxc6 Qxc6 14. Bg2 Bb7 15. Rg1
Qc7 16. Qg4 O-O 17. h6 Na4 18. Nxa4 bxa4 19. hxg7 Kxg7 20. Bd4+ e5 21. Bc3 Bc8
22. Qh5 Rh8 23. Qh6+ Kg8 24. O-O-O Bf8 25. Qh4 Bg7 26. Bh3 Bxh3 27. Qxh3 Rc8
28. Rxd6 Bf8 29. Rd5 Bxa3 30. bxa3 Qxc3 31. Rd8+ Kg7 32. Qh6#  1-0

[Event "20th 4NCL Congress"]
[Site "Nottingham"]
[Date "2018.09.29"]
[Round "2"]
[Board "8"]
[White "Chapman, Terry Pd"]
[Black "Ilett, Raymond J"]
[Result "1/2-1/2"]
[WhiteElo "2201"]
[BlackElo "1856"]
[PlyCount "49"]
[EventDate "2018.09.28"]
[EventRounds "5"]
[EventCountry "ENG"]

1. Nf3 Nf6 2. c4 b6 3. g3 Bb7 4. Bg2 e6 5. O-O Be7 6. Nc3 c5 7. Re1 d5 8. cxd5
Nxd5 9. e4 Nxc3 10. bxc3 Nd7 11. d4 cxd4 12. cxd4 Nf6 13. Ne5 O-O 14. Bf4 Rc8
15. Qd3 Bb4 16. Rec1 Rxc1+ 17. Rxc1 Qa8 18. f3 Rc8 19. Qd1 Ba3 20. Rc2 Bd6 21.
Nd3 Bxf4 22. Nxf4 Rxc2 23. Qxc2 Qc8 24. Qxc8+ Bxc8 25. Nd3  1/2-1/2

[Event "20th 4NCL Congress"]
[Site "Nottingham"]
[Date "2018.09.29"]
[Round "2"]
[Board "9"]
[White "Modi, Kishan J"]
[Black "Hebden, Mark L"]
[Result "1/2-1/2"]
[WhiteElo "1986"]
[BlackElo "2426"]
[PlyCount "121"]
[EventDate "2018.09.28"]
[EventRounds "5"]
[EventCountry "ENG"]

1. e4 e5 2. Nf3 Nc6 3. d4 exd4 4. Bc4 Nf6 5. e5 Ne4 6. Bd5 Nc5 7. O-O Be7 8.
Nxd4 Nxe5 9. Re1 d6 10. f4 c6 11. fxe5 cxd5 12. exd6 Qxd6 13. Nb5 Qc6 14. Bg5
Be6 15. Bxe7 Kxe7 16. Nd4 Qb6 17. Nc3 Rhd8 18. Qh5 Ne4 19. Nxe4 Qxd4+ 20. Nf2
g6 21. Qh6 Rac8 22. c3 Qb6 23. Qxh7 Qxb2 24. Qh4+ Kd7 25. Rab1 Qxc3 26. Rxb7+
Rc7 27. Rxc7+ Kxc7 28. Qf4+ Kb7 29. Rc1 Qa5 30. Nd3 Rc8 31. Rb1+ Ka8 32. Qd6
Qc7 33. Qa6 Bf5 34. Rc1 Qb6+ 35. Qxb6 Rxc1+ 36. Nxc1 axb6 37. Kf2 Kb7 38. Ke3
Kc6 39. Kd4 Be4 40. g3 Kb5 41. h4 Kb4 42. g4 Ka3 43. Ne2 Bf3 44. Nc3 Bxg4 45.
Nxd5 b5 46. Kc5 Be6 47. Nc7 b4 48. Na6 b3 49. axb3 Kxb3 50. Nc7 Bc8 51. Kd4 Kc2
52. Ke5 Kd3 53. Kf6 Ke4 54. Kxf7 Bf5 55. Ne6 Bxe6+ 56. Kxg6 Kf4 57. h5 Bf5+ 58.
Kg7 Kg5 59. h6 Be4 60. h7 Bxh7 61. Kxh7  1/2-1/2